Inside Out - Characters by Picture - Statistics

General Stats
  • This quiz has been taken 219 times
  • The average score is 7 of 16
Answer Stats
Picture Answer % Correct
Joy
99%
Anger
96%
Sadness
96%
Fear
94%
Disgust
92%
Riley Andersen
85%
Bing Bong
83%
Jill Andersen
17%
Bill Andersen
16%
Jangles
15%
Dream Director
6%
Forgetter Bobby
6%
Forgetter Paula
6%
Fritz
6%
Subconscious Guard Dave
4%
Subconscious Guard Frank
4%
No matching quizzes found
Score Distribution
Percent of People with Each Score
Percentile by Number Answered
Your Score History
You have not taken this quiz